000 00866cab a2200253 4500
001 ABS47421
008 090401t1992 xxu||||| |||| 00| 0 eng d
035 _a(Sirsi) u61879
041 _aeng
100 _aPoole, R.
245 _aMaking shopping safer
260 _c1992
350 _a0
490 _aProperty Journal
_vOctober 1992, 11-13(3)
520 _aOutlines the findings of the author`s report "Safer shopping: the identification of crime and disorder in covered shopping centres" aimed at improving crime prevention and personal safety in shopping centres. (Available from the West Midlands Police Headquarters, Birmingham £22)
650 _aCRIME PREVENTION
650 _aDESIGN
650 _aPOLICING
650 _aSAFETY
650 _aSHOPPING CENTRES
690 _aCOMMERCIAL PROPERTY-MANAGEMENT
942 _n0
948 _c04/03/1997
999 _c38382
_d38382